| 000 | 00587 a2200205 4500 | ||
|---|---|---|---|
| 005 | 20240520111747.0 | ||
| 010 | _aB-759107 | ||
| 020 |
_a9789354716492 _c650.00 |
||
| 035 | _aB-759107 | ||
| 037 | _bGift | ||
| 082 | _aN | ||
| 100 |
_aStitton, Geronimo _966435 |
||
| 245 |
_aThe Treasures of The Kingdom The Sixteenth Adventure in The Kingdom Of Fantasy/ _cGeronimo Stitton |
||
| 260 |
_aNew York _bScholastic Inc. _c2023 |
||
| 270 |
_aNew York _bNew York |
||
| 300 |
_a279 p. _c19 cm(Hb) |
||
| 700 | _966330 | ||
| 942 |
_adpl _cCH _2ddc _hN _mSTI |
||
| 999 |
_c202998 _d202998 |
||